| 000 -LEADER |
| fixed length control field |
00362nam a2200157Ia 4500 |
| 003 - CONTROL NUMBER IDENTIFIER |
| control field |
OSt |
| 005 - DATE AND TIME OF LATEST TRANSACTION |
| control field |
20220315190348.0 |
| 008 - FIXED-LENGTH DATA ELEMENTS--GENERAL INFORMATION |
| fixed length control field |
220308s9999 xx 000 0 und d |
| 020 ## - INTERNATIONAL STANDARD BOOK NUMBER |
| International Standard Book Number |
9780870702800 |
| 082 ## - DEWEY DECIMAL CLASSIFICATION NUMBER |
| Classification number |
720.1 |
| Item number |
ROB |
| 100 ## - MAIN ENTRY--PERSONAL NAME |
| Personal name |
Robert Venturi |
| 245 #0 - TITLE STATEMENT |
| Title |
Complexity & Contradiction In Architecture |
| 365 ## - TRADE PRICE |
| Price type code |
GBP |
| 365 ## - TRADE PRICE |
| Unit of pricing |
24.95 |
| 942 ## - ADDED ENTRY ELEMENTS (KOHA) |
| Source of classification or shelving scheme |
|